Statistics for Plants vs Zombies Battle for Neighborville: ALL HERO CLASSES

Click here to take the quiz!

General Stats

  • This quiz has been taken 58 times
  • The average score is 12 of 23

Answer Stats

Answers% Correct
Peashooter
89%
Sunflower
74%
Chomper
70%
Citron
70%
Acorn
67%
Corn
63%
Rose
63%
Nightcap
59%
Cactus
56%
Super Brainz
56%
Footsoldier
48%
Imp
48%
Snapdragon
48%
All-Star
44%
Scientist
44%
TV-head
41%
Engineer
37%
Wildflower
37%
Wizard
37%
80s Action Hero
30%
Captain Deadbeard
30%
Electric Slide
30%
Space Cadet
26%

Score Distribution

Percentile by Number Answered

Percent of People with Each Score

Your Score History

You have not taken this quiz